| 000 | 00732nam a22002177a 4500 | ||
|---|---|---|---|
| 003 | BUBTL | ||
| 008 | 221219b ||||| |||| 00| 0 eng d | ||
| 020 | _a9780194422574 | ||
| 082 | _a401.93/ El591s/ 2008 | ||
| 100 |
_94693 _aEllis, Rod |
||
| 245 |
_aThe Study of Second Language Acquisition/ _cRod Ellis |
||
| 250 | _a2nd Edn. | ||
| 260 |
_aOxford: _bOxford University Press, _cc2008 |
||
| 300 |
_axxvii, 1142 p.: _c25.5 cm. |
||
| 500 | _aIncludes Index | ||
| 505 | _aThe Study of Second Language Acquisition, Second Language, Language Acquisition, Rod Ellis, English, English Language | ||
| 650 | 0 |
_9194 _aEnglish Language |
|
| 856 |
_k0 _l0 _yDownload |
||
| 942 |
_2ddc _cBK |
||
| 999 |
_c6888 _d6888 |
||